Features on Lil Uzi Vert albums - Statistics

General Stats
  • This quiz has been taken 12 times
  • The average score is 15 of 25
Answer Stats
Hint Answer % Correct
Seven million Future
100%
Wassup Future
100%
Neon guts Pharrell Williams
100%
Yamborghini Dream Young Thug
100%
Strawberry peels Young Thug
100%
Got the guap Young Thug
100%
Yessirskii 21 Savage
89%
Endless Fashion Nicki Minaj
78%
Of course we ghetto flowers Playboi Carti
78%
UnFazed The Weeknd
78%
Bean (Kobe) Chief Keef
67%
Strawberry peels Gunna
67%
No auto Lil Durk
67%
Aye Travis Scott
56%
The rush Big Time Rush
44%
Patience Don Toliver
44%
Leaders Nav
44%
The end BABYMETAL
33%
Werewolf Bring me the horizon
33%
Of course we ghetto flowers Offset
33%
Fire alarm Snow strippers
33%
Money spread Young Nudy
33%
The way life goes Oh wonder
22%
Urgency Syd
22%
Queso Wiz Khalifa
11%
No matching quizzes found
Score Distribution
Percent of People with Each Score
Percentile by Number Answered
Your Score History
You have not taken this quiz